[Event "5th American Continental"]
[Site "Sao Paulo BRA"]
[Date "2009.07.25"]
[Round "1.40"]
[White "Delai, Paula Fernanda"]
[Black "Perez, Federico"]
[Result "0-1"]
[WhiteElo "2042"]
[BlackElo "2435"]
[EventDate "2009.07.25"]
[PlyCount "24"]

1.e4 c5 2.Nf3 d6 3.d4 cxd4 4.Nxd4 Nf6 5.Nc3 a6 6.Be2 e5 7.Nb3 Be6 8.f3 
Nbd7 9.Be3 Be7 10.Qd2 Rc8 11.g4 O-O 12.O-O-O b5 0-1

[Event "5th American Continental"]
[Site "Sao Paulo BRA"]
[Date "2009.07.25"]
[Round "1.56"]
[White "Martins, Vilker Germano"]
[Black "Orsini, Antonio"]
[Result "0-1"]
[WhiteElo "2009"]
[BlackElo "2376"]
[EventDate "2009.07.25"]
[PlyCount "84"]

1.d4 Nf6 2.c4 g6 3.Nc3 Bg7 4.e4 d6 5.Bd3 O-O 6.Nf3 Bg4 7.h3 Bxf3 8.Qxf3 
Nc6 9.Be3 Nd7 10.Ne2 Nde5 11.dxe5 Nxe5 12.Qg3 Nxd3+ 13.Kf1 Nxb2 14.Rc1 c5 
15.Bd2 Qd7 16.Nf4 Qa4 17.Qb3 Be5 18.Ke2 b5 19.Nd5 e6 20.Nc7 Rab8 21.Nxb5 
Qa6 22.Rb1 d5 23.exd5 exd5 24.Qa3 Qe6 25.Kf1 Nxc4 26.Qd3 Qa6 27.a4 Qxa4 
28.Re1 Nxd2+ 29.Qxd2 Qxb5+ 30.Kg1 Bd4 31.Kh2 Qb2 32.Rd1 Qxd2 33.Rxd2 Rb2 
34.Rhd1 Rxd2 35.Rxd2 a5 36.Ra2 Ra8 37.Kg3 a4 38.Kf3 a3 39.Ke2 Bb2 40.Kd3 
c4+ 41.Kc2 d4 42.Kd1 d3 0-1

[Event "5th American Continental"]
[Site "Sao Paulo BRA"]
[Date "2009.07.25"]
[Round "1.62"]
[White "Deus Filho, Joaquim de"]
[Black "Disconzi da Silva, Rodrigo"]
[Result "0-1"]
[WhiteElo "1990"]
[BlackElo "2366"]
[EventDate "2009.07.25"]
[PlyCount "61"]

1.e4 c5 2.Nc3 a6 3.g3 b5 4.Bg2 Bb7 5.d3 e6 6.Nge2 d5 7.exd5 b4 8.Ne4 exd5 
9.Ng5 Be7 10.h4 h6 11.Nh3 Nf6 12.Nef4 Qd7 13.O-O O-O 14.Nh5 d4 15.Nxf6+ 
Bxf6 16.Nf4 Bxg2 17.Kxg2 Nc6 18.Qh5 Ne5 19.Nh3 Rfe8 20.Bd2 c4 21.dxc4 Qc6+
22.f3 Nxc4 23.Bf4 Ne3+ 24.Bxe3 dxe3 25.Qf5 Re5 26.Qf4 Qxc2+ 27.Kg1 a5 28.
a3 Rd8 29.g4 Re6 30.g5 Be5 31.Qe4 0-1

[Event "5th American Continental"]
[Site "Sao Paulo BRA"]
[Date "2009.07.25"]
[Round "1.64"]
[White "Nery Junior, Jose Antonio"]
[Black "Toth, Christian Endre"]
[Result "0-1"]
[WhiteElo "1986"]
[BlackElo "2357"]
[EventDate "2009.07.25"]
[PlyCount "68"]

1.e4 e6 2.Nf3 d5 3.e5 c5 4.b4 d4 5.bxc5 Bxc5 6.Ba3 Bxa3 7.Nxa3 Ne7 8.Nb5 
Nbc6 9.Nd6+ Kf8 10.Nxc8 Rxc8 11.Bd3 Qd5 12.Qe2 Ng6 13.Be4 Qc5 14.O-O Ngxe5
15.Ng5 h6 16.Qh5 Nf3+ 17.Qxf3 hxg5 18.Rab1 b6 19.a4 Qd6 20.g3 Ne5 21.Qe2 
Rc5 22.f4 gxf4 23.Rxf4 Ke7 24.Rb5 f5 25.Bd3 g5 26.Rf2 g4 27.Kf1 Qd5 28.Rg2
Nf3 29.Rxc5 bxc5 30.Bc4 Qe5 31.Qxe5 Nxe5 32.Be2 Rb8 33.Bb5 Rb6 34.Re2 Kd6 
0-1

[Event "5th American Continental"]
[Site "Sao Paulo BRA"]
[Date "2009.07.25"]
[Round "1.65"]
[White "Oliveira, Silvio Eduardo"]
[Black "Guerrero Avila, Hernando"]
[Result "1-0"]
[WhiteElo "2357"]
[BlackElo "1985"]
[EventDate "2009.07.25"]
[PlyCount "71"]

1.e4 e6 2.d4 d5 3.Nc3 Bb4 4.e5 c5 5.a3 Bxc3+ 6.bxc3 Ne7 7.Qg4 Qc7 8.Qxg7 
Rg8 9.Qxh7 cxd4 10.Ne2 Nbc6 11.f4 Bd7 12.Qd3 dxc3 13.Nxc3 a6 14.Ne2 Rc8 
15.Bd2 Nf5 16.h3 Nce7 17.g4 Bb5 18.Qb3 Bxe2 19.Bxe2 Nd4 20.Qa4+ Nec6 21.c3
Nxe2 22.Kxe2 Kf8 23.Be3 Na5 24.Qb4+ Kg7 25.Bb6 Qc4+ 26.Qxc4 Nxc4 27.Bd4 b5
28.h4 Kh7 29.Rhg1 a5 30.h5 a4 31.g5 Na5 32.f5 Nb3 33.g6+ fxg6 34.hxg6+ Kh6
35.Be3+ Kh5 36.Rg5+ 1-0

[Event "5th American Continental"]
[Site "Sao Paulo BRA"]
[Date "2009.07.25"]
[Round "1.67"]
[White "Soto Vega, Jorge"]
[Black "Salama, Andre Sasson"]
[Result "1-0"]
[WhiteElo "2341"]
[BlackElo "1983"]
[EventDate "2009.07.25"]
[PlyCount "73"]

1.e4 e5 2.Nf3 Nc6 3.Bb5 a6 4.Ba4 Nf6 5.O-O Be7 6.Re1 b5 7.Bb3 O-O 8.h3 d6 
9.c3 Na5 10.Bc2 c5 11.d4 Qc7 12.Nbd2 cxd4 13.cxd4 Bd7 14.Nf1 Nc6 15.d5 Nb4
16.Bb1 Rfc8 17.Ne3 a5 18.Bd2 Na6 19.g4 g6 20.g5 Nh5 21.Ng4 f6 22.gxf6 Nxf6
23.Nh6+ Kg7 24.Ng5 Rf8 25.Qe2 Nh5 26.Nf5+ gxf5 27.Qxh5 Bxg5 28.Bxg5 f4 29.
Qh6+ Kg8 30.Be7 Rf7 31.Bxd6 Rg7+ 32.Qxg7+ Kxg7 33.Bxc7 Nxc7 34.Kh2 b4 35.
Bd3 Bb5 36.Rac1 Ra7 37.d6 1-0

[Event "5th American Continental"]
[Site "Sao Paulo BRA"]
[Date "2009.07.25"]
[Round "1.69"]
[White "Macias Murillo, Bryan"]
[Black "Nunes, Allan Hurba"]
[Result "0-1"]
[WhiteElo "2335"]
[BlackElo "1976"]
[EventDate "2009.07.25"]
[PlyCount "92"]

1.e4 e6 2.d4 d5 3.Nd2 Nf6 4.e5 Nfd7 5.Bd3 c5 6.c3 Nc6 7.Ne2 cxd4 8.cxd4 f6
9.exf6 Qxf6 10.Nf3 Bd6 11.O-O h6 12.Ng3 Nf8 13.a3 g5 14.Re1 g4 15.Ne5 h5 
16.Bb5 Bd7 17.Nxd7 Kxd7 18.Be3 Ng6 19.Rc1 Ne7 20.Nf1 a6 21.Bd3 Nf5 22.Bxf5
Qxf5 23.b4 h4 24.Qc2 Qf7 25.Qe2 g3 26.h3 gxf2+ 27.Bxf2 Rag8 28.Rcd1 Rg6 
29.Ne3 Qf4 30.Ng4 Rf8 31.Qe3 Rxg4 32.hxg4 Qh2+ 33.Kf1 Bg3 34.Rd2 Qh1+ 35.
Ke2 Qxg2 36.Rf1 Bf4 37.Rg1 Bxe3 38.Rxg2 Bxd2 39.Kxd2 h3 40.Rh2 Rf3 41.Be3 
Rg3 42.g5 Ne7 43.a4 Nf5 44.Bf2 Ra3 45.a5 Ke7 46.Rh1 Ra2+ 0-1

[Event "5th American Continental"]
[Site "Sao Paulo BRA"]
[Date "2009.07.25"]
[Round "1.70"]
[White "Camara, Jose Arruda"]
[Black "Nogueira, Ivan Kuhlmann"]
[Result "0-1"]
[WhiteElo "1975"]
[BlackElo "2335"]
[EventDate "2009.07.25"]
[PlyCount "88"]

1.e4 e5 2.Nf3 Nc6 3.Bc4 Nf6 4.Ng5 Nxe4 5.Bxf7+ Ke7 6.d3 Nf6 7.Bb3 d5 8.O-O
h6 9.Nf3 Bg4 10.h3 Bxf3 11.Qxf3 Nd4 12.Qe3 Kf7 13.Qxe5 Bc5 14.Qe1 Re8 15.
Qd1 Ne2+ 16.Kh1 c6 17.Bd2 Qd7 18.Nc3 Nd4 19.Bf4 a5 20.a4 Qf5 21.Bg3 Nxb3 
22.cxb3 d4 23.Ne2 Nd5 24.Qc2 Nb4 25.Qc4+ Qd5 26.Qxd5+ cxd5 27.Nc1 Rac8 28.
Rd1 Rc6 29.Kg1 Bb6 30.Kf1 Rc2 31.Rb1 Re6 32.h4 Bc5 33.Bc7 b6 34.Bg3 g6 35.
f3 h5 36.Bb8 Bf8 37.Bf4 Be7 38.Bg3 Na6 39.Bf2 Bf6 40.Re1 Rxf2+ 41.Kxf2 
Bxh4+ 42.g3 Bxg3+ 43.Kxg3 Rxe1 44.Kf2 Rh1 0-1

[Event "5th American Continental"]
[Site "Sao Paulo BRA"]
[Date "2009.07.25"]
[Round "1.71"]
[White "Estrada Nieto, Julian"]
[Black "Baptista, Igor Lucas"]
[Result "1-0"]
[WhiteElo "2332"]
[BlackElo "1969"]
[EventDate "2009.07.25"]
[PlyCount "47"]

1.e4 e5 2.Nf3 Nf6 3.Nxe5 d6 4.Nf3 Nxe4 5.d4 d5 6.Bd3 Nc6 7.O-O Be7 8.c4 
Nb4 9.Be2 O-O 10.a3 Nc6 11.cxd5 Qxd5 12.Nc3 Nxc3 13.bxc3 Bf5 14.Re1 Bf6 
15.Bf4 Qa5 16.Qb3 Rab8 17.Qb5 Rfc8 18.h3 h6 19.a4 a6 20.Qb3 Re8 21.Bc4 
Rxe1+ 22.Rxe1 Bg6 23.d5 b5 24.dxc6 1-0

[Event "5th American Continental"]
[Site "Sao Paulo BRA"]
[Date "2009.07.25"]
[Round "1.75"]
[White "Cuevas Araya, Walter"]
[Black "Almeida, Heitor de"]
[Result "0-1"]
[WhiteElo "2317"]
[BlackElo "1958"]
[EventDate "2009.07.25"]
[PlyCount "90"]

1.d4 d5 2.c4 c6 3.g3 Nf6 4.Bg2 Bf5 5.Nf3 Nbd7 6.O-O e6 7.Nbd2 Be7 8.b3 O-O
9.Nh4 Ne4 10.Nxf5 exf5 11.Qc2 Ndf6 12.Nf3 Re8 13.Bb2 g6 14.Ne5 Bf8 15.f3 
Nd6 16.c5 Nb5 17.a4 Nc7 18.e4 fxe4 19.fxe4 dxe4 20.Nxf7 Kxf7 21.Rxf6+ Qxf6
22.Rf1 Nd5 23.Rxf6+ Nxf6 24.Bf1 Rad8 25.b4 Bh6 26.Qb3+ Nd5 27.Bc4 Kg7 28.
b5 Re7 29.bxc6 bxc6 30.Kf2 Rf7+ 31.Ke2 Rdf8 32.Ke1 Bg5 33.h4 Bd8 34.Bc1 
Bc7 35.h5 gxh5 36.Bf4 Rb8 37.Qd1 Bxf4 38.gxf4 Kg6 39.Qc1 Kg7 40.Bxd5 cxd5 
41.c6 Rc8 42.Qc5 Rfc7 43.Qxd5 Rxc6 44.Qxe4 Rc1+ 45.Kf2 R8c2+ 0-1

[Event "5th American Continental"]
[Site "Sao Paulo BRA"]
[Date "2009.07.25"]
[Round "1.76"]
[White "Rodrigues, Bruno Morado"]
[Black "Matsuura, Frederico"]
[Result "0-1"]
[WhiteElo "1953"]
[BlackElo "2303"]
[EventDate "2009.07.25"]
[PlyCount "92"]

1.e4 e6 2.d4 d5 3.Nc3 Bb4 4.Ne2 Nf6 5.Bg5 dxe4 6.a3 Be7 7.Bxf6 gxf6 8.Nxe4
b6 9.Qd3 Bb7 10.O-O-O Nd7 11.f3 c6 12.g4 Qc7 13.Bg2 O-O-O 14.Qe3 c5 15.Qf4
Qxf4+ 16.Nxf4 cxd4 17.Ne2 e5 18.N2g3 Nc5 19.Nf5 Nxe4 20.fxe4 Bc5 21.Nh6 
Rd7 22.g5 fxg5 23.Bh3 f6 24.Rhf1 Rf8 25.Bxd7+ Kxd7 26.Rde1 Ke6 27.Nf5 Rc8 
28.Kd2 Bf8 29.Rf3 h5 30.h3 Rd8 31.Kd1 Bc6 32.Kd2 Rd7 33.Kd1 b5 34.b4 Rd8 
35.Kc1 a5 36.bxa5 Ra8 37.Ref1 Bxe4 38.Nxd4+ Kd5 39.Nxb5 Bxf3 40.Nc7+ Ke4 
41.Nxa8 Bxa3+ 42.Kb1 g4 43.hxg4 hxg4 44.Nb6 g3 45.a6 g2 46.Re1+ Kf4 0-1

[Event "5th American Continental"]
[Site "Sao Paulo BRA"]
[Date "2009.07.25"]
[Round "1.78"]
[White "Jardim, Daphne Tofano"]
[Black "Sega, Carlos Alberto"]
[Result "0-1"]
[WhiteElo "1940"]
[BlackElo "2293"]
[EventDate "2009.07.25"]
[PlyCount "94"]

1.d4 Nf6 2.c4 e6 3.Nc3 Bb4 4.Qc2 O-O 5.a3 Bxc3+ 6.Qxc3 b6 7.f3 d5 8.e3 Bb7
9.Bd3 Nbd7 10.c5 c6 11.Ne2 a5 12.b4 axb4 13.Qxb4 Ba6 14.Nf4 bxc5 15.dxc5 
e5 16.Bxa6 Rxa6 17.Ne2 Qe7 18.Bd2 Rb8 19.Qc3 Nxc5 20.O-O Nb3 21.a4 Nxa1 
22.Rxa1 Nd7 23.a5 Qc5 24.Qd3 Qb5 25.Nc1 Nc5 26.Qc2 Qb2 27.Ra2 Qxc2 28.Rxc2
Rb5 29.Na2 Nd3 30.h3 f5 31.Kf1 e4 32.Ke2 Kf7 33.Nc1 Nxc1+ 34.Rxc1 Ke6 35.
fxe4 fxe4 36.Rf1 Rb2 37.Ra1 c5 38.Kd1 d4 39.Kc1 Rb5 40.Ra4 Kd5 41.Ra3 Rb7 
42.Be1 d3 43.Bd2 Kc4 44.Rc3+ Kb5 45.Rb3+ Kc6 46.Ra3 Rb4 47.Bxb4 cxb4 0-1

[Event "5th American Continental"]
[Site "Sao Paulo BRA"]
[Date "2009.07.25"]
[Round "1.80"]
[White "Baccarin, Natalia Viaro"]
[Black "Gonzalez, Bolivar Ribeiro"]
[Result "1/2-1/2"]
[WhiteElo "1939"]
[BlackElo "2292"]
[EventDate "2009.07.25"]
[PlyCount "75"]

1.e4 c5 2.Nf3 a6 3.d3 Nc6 4.g3 g6 5.Bg2 Bg7 6.Nbd2 d6 7.O-O Nf6 8.Ne1 Rb8 
9.f4 Bg4 10.Nef3 Qd7 11.Nc4 O-O 12.Ne3 Bh3 13.f5 Bxg2 14.Kxg2 b5 15.Qe1 c4
16.g4 cxd3 17.cxd3 Rfd8 18.Qg3 Ne5 19.Ne1 Qb7 20.g5 Nh5 21.Qh4 e6 22.f6 
Bf8 23.Rf2 Rbc8 24.Nf1 b4 25.Ng3 Nxg3 26.hxg3 Qb5 27.Bd2 a5 28.a3 Nxd3 29.
Nxd3 Qxd3 30.axb4 Rc2 31.Bc3 Rxf2+ 32.Kxf2 axb4 33.Ra7 bxc3 34.Rxf7 Kxf7 
35.Qxh7+ Ke8 36.Qb7 Qd2+ 37.Kf3 Qd1+ 38.Kf2 1/2-1/2

[Event "5th American Continental"]
[Site "Sao Paulo BRA"]
[Date "2009.07.25"]
[Round "1.82"]
[White "Costa, Giovanni de Almeida"]
[Black "Viana da Costa, Fernando"]
[Result "0-1"]
[WhiteElo "1931"]
[BlackElo "2284"]
[EventDate "2009.07.25"]
[PlyCount "112"]

1.d4 Nf6 2.Nf3 g6 3.Bg5 Bg7 4.Nbd2 d5 5.c3 O-O 6.e3 c5 7.Be2 Nbd7 8.O-O b6
9.Re1 Bb7 10.Qa4 a6 11.Ne5 Nxe5 12.dxe5 Nd7 13.Qh4 f6 14.exf6 exf6 15.Bh6 
Qe7 16.Bxg7 Kxg7 17.Bf3 Ne5 18.Be2 g5 19.Qg3 h6 20.Nf3 Nf7 21.Nh4 Bc8 22.
Bd3 Qe5 23.Qxe5 Nxe5 24.Nf5+ Kg6 25.Ne7+ Kf7 26.Nxc8 Nxd3 27.Nxb6 Rab8 28.
Nd7 Nxe1 29.Rxe1 Rxb2 30.Nxf8 Kxf8 31.Kf1 Ke7 32.Re2 Rb1+ 33.Re1 Rb8 34.
Rd1 Ke6 35.Ke2 Rb2+ 36.Rd2 Rb1 37.Kd3 Ke5 38.c4 Rc1 39.f4+ gxf4 40.exf4+ 
Kd6 41.cxd5 Kxd5 42.Ke3+ Ke6 43.Rb2 Rc3+ 44.Kd2 Ra3 45.g4 Kd5 46.h4 Rf3 
47.Rb6 Rxf4 48.Rxa6 Rxg4 49.Rxf6 Rxh4 50.a4 Kd4 51.Rd6+ Kc4 52.a5 Rh2+ 53.
Ke3 h5 54.a6 Ra2 55.Rh6 Kb5 56.Rxh5 Rxa6 0-1

[Event "5th American Continental"]
[Site "Sao Paulo BRA"]
[Date "2009.07.25"]
[Round "1.83"]
[White "Barbosa, Evandro Amorim"]
[Black "Awoki, Daniel Teidi"]
[Result "1-0"]
[WhiteElo "2279"]
[BlackElo "1927"]
[EventDate "2009.07.25"]
[PlyCount "43"]

1.e4 c5 2.Nf3 Nc6 3.d4 cxd4 4.Nxd4 g6 5.Nc3 Bg7 6.Be3 Nf6 7.Bc4 O-O 8.Bb3 
d6 9.f3 Bd7 10.Qd2 a6 11.O-O-O Rc8 12.h4 b5 13.h5 Nxh5 14.Nxc6 Bxc6 15.g4 
Nf6 16.Bh6 Bxh6 17.Qxh6 b4 18.g5 Nh5 19.Rxh5 gxh5 20.g6 hxg6 21.Qxg6+ Kh8 
22.Qxh5+ 1-0

[Event "5th American Continental"]
[Site "Sao Paulo BRA"]
[Date "2009.07.25"]
[Round "1.84"]
[White "Pereira, Amanda Marques"]
[Black "Chemin, Justo Reinaldo"]
[Result "0-1"]
[WhiteElo "1926"]
[BlackElo "2278"]
[EventDate "2009.07.25"]
[PlyCount "66"]

1.e4 e5 2.Nf3 Nc6 3.Bb5 g6 4.c3 d6 5.O-O Bg7 6.d4 Bd7 7.Be3 Nf6 8.Nbd2 O-O
9.Bxc6 Bxc6 10.dxe5 Nxe4 11.Nxe4 Bxe4 12.Ng5 Bf5 13.exd6 cxd6 14.Qa4 Re8 
15.Qh4 h6 16.Nf3 Qxh4 17.Nxh4 Be4 18.Rad1 Bf8 19.g3 a5 20.Bb6 Ra6 21.Bd4 
g5 22.Ng2 Bd5 23.b3 Re2 24.Ne3 Be6 25.Ra1 a4 26.c4 Rd2 27.Rfd1 Rxd4 28.
Rxd4 axb3 29.Rd2 Bg7 30.Rad1 bxa2 31.Nc2 Bf5 32.Na1 Bb1 33.Nb3 Ra3 0-1

[Event "5th American Continental"]
[Site "Sao Paulo BRA"]
[Date "2009.07.25"]
[Round "1.86"]
[White "Espinoza Palomino, Willyam"]
[Black "Costa, Joao Carlos da"]
[Result "1-0"]
[WhiteElo "2272"]
[BlackElo "2007"]
[EventDate "2009.07.25"]
[PlyCount "87"]

1.e4 e5 2.Nf3 Nc6 3.Bb5 a6 4.Ba4 Nf6 5.O-O b5 6.Bb3 Be7 7.Re1 O-O 8.c3 d5 
9.exd5 Nxd5 10.Nxe5 Nxe5 11.Rxe5 c6 12.d4 Bd6 13.Re1 Qh4 14.g3 Qh3 15.Be3 
Bg4 16.Qd3 Rae8 17.Nd2 Kh8 18.Bxd5 cxd5 19.Qf1 Qh5 20.a4 f5 21.f4 Re6 22.
axb5 Rh6 23.Qf2 axb5 24.Nf1 b4 25.Ra5 bxc3 26.bxc3 Re6 27.Rxd5 h6 28.Ra1 
Bf3 29.Rda5 g5 30.Re1 gxf4 31.Bxf4 Rxe1 32.Qxe1 Re8 33.Be5+ Kg8 34.Qe3 Be7
35.Qd2 Be4 36.Qa2+ Kf8 37.Qe6 Bd3 38.Bf4 Kg7 39.Ra7 Qe2 40.Qxe2 Bxe2 41.
Bd6 Kf6 42.Rxe7 Rxe7 43.Bxe7+ Kxe7 44.Kf2 1-0

[Event "5th American Continental"]
[Site "Sao Paulo BRA"]
[Date "2009.07.25"]
[Round "1.87"]
[White "Batista, Eliseu da Silva"]
[Black "Caldeira Marques, Adriano"]
[Result "0-1"]
[WhiteElo "1901"]
[BlackElo "2268"]
[EventDate "2009.07.25"]
[PlyCount "70"]

1.e4 c5 2.Nf3 Nc6 3.d4 cxd4 4.Nxd4 Nf6 5.Nc3 g6 6.Be3 Bg7 7.Bc4 O-O 8.Bb3 
d6 9.f3 Bd7 10.Qd2 Nxd4 11.Bxd4 b5 12.g4 a5 13.a4 bxa4 14.Nxa4 e5 15.Bb6 
Qb8 16.Bxa5 Be6 17.Bxe6 fxe6 18.O-O Qb5 19.b4 d5 20.Nc5 Qc6 21.Rae1 Rxa5 
22.Nxe6 Ra2 23.Nxf8 Rxc2 24.Qe3 Bxf8 25.Rc1 Bxb4 26.Rxc2 Qxc2 27.Rc1 Bd2 
28.Rxc2 Bxe3+ 29.Kf1 dxe4 30.Ke2 Bf4 31.h3 Kg7 32.Rc7+ Kh6 33.h4 exf3+ 34.
Kxf3 e4+ 35.Kg2 Bxc7 0-1

[Event "5th American Continental"]
[Site "Sao Paulo BRA"]
[Date "2009.07.25"]
[Round "1.88"]
[White "Cordoba Ramirez, Carlos"]
[Black "Costa, Alex Luiz da"]
[Result "1-0"]
[WhiteElo "2268"]
[BlackElo "1897"]
[EventDate "2009.07.25"]
[PlyCount "53"]

1.d4 Nf6 2.c4 g6 3.Nc3 Bg7 4.e4 d6 5.Nf3 O-O 6.Be2 Nbd7 7.O-O e5 8.Be3 Nh5
9.g3 f5 10.exf5 gxf5 11.dxe5 f4 12.Bc1 dxe5 13.Nh4 fxg3 14.Qd5+ Kh8 15.
hxg3 Ndf6 16.Qh1 Ng4 17.Ne4 Qd4 18.Rd1 Qb6 19.c5 Qc6 20.Bf3 Nxf2 21.Nxf2 
Qxc5 22.Re1 Bg4 23.Be3 Bxf3 24.Bxc5 Bxh1 25.Bxf8 Nxg3 26.Bxg7+ Kxg7 27.
Nxh1 1-0

[Event "5th American Continental"]
[Site "Sao Paulo BRA"]
[Date "2009.07.25"]
[Round "1.91"]
[White "Rodrigues, Flavio Leite"]
[Black "Barreto Filho, Carlos Alberto"]
[Result "0-1"]
[WhiteElo "1884"]
[BlackElo "2257"]
[EventDate "2009.07.25"]
[PlyCount "128"]

1.Nf3 Nf6 2.c4 e6 3.g3 d5 4.b3 Be7 5.Bb2 O-O 6.Bg2 c5 7.O-O d4 8.e3 Nc6 9.
exd4 cxd4 10.d3 e5 11.Re1 Nd7 12.a3 a5 13.Nbd2 f6 14.Qc2 Nc5 15.Ne4 Nxe4 
16.Rxe4 Qb6 17.Ree1 Rd8 18.h3 Be6 19.Rad1 Rac8 20.Bc1 Qa7 21.Qb2 Qc5 22.
Qe2 b5 23.Bd2 bxc4 24.bxc4 Qxa3 25.Ra1 Qc5 26.Reb1 Rb8 27.Ne1 Rxb1 28.Rxb1
Nb4 29.Qe4 Qc7 30.f4 Bf7 31.Nf3 Bg6 32.f5 Be8 33.Qe2 Bc6 34.Ne1 Qb7 35.Kf2
Bc5 36.Bxc6 Qxc6 37.Qf3 Qxf3+ 38.Kxf3 g6 39.g4 gxf5 40.gxf5 Kf7 41.Bxb4 
axb4 42.Nc2 Ra8 43.Ke4 Be7 44.Kd5 Ra5+ 45.Ke4 Ra4 46.Rb3 Ke8 47.Kd5 Kd7 
48.Rb2 Ra5+ 49.Ke4 Ra6 50.Kd5 Ra5+ 51.Ke4 Ra6 52.Kd5 Rb6 53.Rb3 Bf8 54.Rb1
b3 55.Na1 b2 56.Nc2 Rb3 57.Ke4 Kc6 58.Ne1 Bh6 59.h4 Bc1 60.Nc2 Kc5 61.Ne1 
Bd2 62.Nc2 Ba5 63.Na3 Rxa3 64.Rxb2 Bb6 0-1

[Event "5th American Continental"]
[Site "Sao Paulo BRA"]
[Date "2009.07.25"]
[Round "1.93"]
[White "Britez, Jorge Antonio Gonzales"]
[Black "Borda, Alan"]
[Result "0-1"]
[WhiteElo "1877"]
[BlackElo "2255"]
[EventDate "2009.07.25"]
[PlyCount "26"]

1.e4 e5 2.Nf3 d6 3.d4 Nf6 4.Nc3 Nbd7 5.Be3 Be7 6.Qd2 c6 7.O-O-O b5 8.dxe5 
dxe5 9.Bd3 a5 10.Rhe1 a4 11.Kb1 a3 12.b3 Bb4 13.Bg5 Qa5 0-1

[Event "5th American Continental"]
[Site "Sao Paulo BRA"]
[Date "2009.07.25"]
[Round "1.95"]
[White "Japiassu, Ricardo de Vila Nova"]
[Black "Martins, Vinicius Tine"]
[Result "0-1"]
[WhiteElo "1867"]
[BlackElo "2250"]
[EventDate "2009.07.25"]
[PlyCount "36"]

1.d4 d5 2.Bf4 Nf6 3.e3 e6 4.Nf3 Bd6 5.Bg3 O-O 6.Nbd2 c5 7.c3 b6 8.Bd3 Bb7 
9.O-O Bxg3 10.hxg3 Nbd7 11.Qe2 Ne4 12.Rfd1 f5 13.g4 fxg4 14.Bxe4 dxe4 15.
Ne5 Nxe5 16.dxe5 Qg5 17.Rf1 Rf5 18.Nc4 Qh4 0-1

[Event "5th American Continental"]
[Site "Sao Paulo BRA"]
[Date "2009.07.25"]
[Round "1.96"]
[White "Gattass, Allan"]
[Black "Oliveira, Francemir Barra de"]
[Result "1-0"]
[WhiteElo "2249"]
[BlackElo "1861"]
[EventDate "2009.07.25"]
[PlyCount "83"]

1.e4 e5 2.Nf3 Nc6 3.Bc4 Be7 4.O-O Nf6 5.d4 d6 6.d5 Nb8 7.Re1 Bg4 8.h3 Bh5 
9.Nbd2 Nbd7 10.Nf1 O-O 11.Ng3 Bg6 12.Nh4 Re8 13.Nhf5 Bf8 14.Bg5 a6 15.a4 
Qc8 16.Bd3 Rb8 17.c4 Nc5 18.Bxf6 gxf6 19.Be2 Nxe4 20.Bg4 Nxg3 21.Ne7+ Rxe7
22.Bxc8 Rxc8 23.fxg3 Rce8 24.Qb3 c6 25.dxc6 bxc6 26.Qf3 e4 27.Qf4 Re6 28.
Qe3 d5 29.c5 Re5 30.b4 a5 31.Qd4 axb4 32.a5 Rb8 33.a6 b3 34.a7 Ra8 35.Ra5 
Re7 36.Qa4 Rc7 37.Kh2 f5 38.Rb1 Bg7 39.Rxb3 d4 40.Rb8+ Rc8 41.Rxc8+ Rxc8 
42.a8=R 1-0

[Event "5th American Continental"]
[Site "Sao Paulo BRA"]
[Date "2009.07.25"]
[Round "1.98"]
[White "Borges, Leomar Barbero"]
[Black "Chiari, Arthur Gontijo"]
[Result "1/2-1/2"]
[WhiteElo "2242"]
[BlackElo "1854"]
[EventDate "2009.07.25"]
[PlyCount "101"]

1.Nf3 Nf6 2.b3 g6 3.Bb2 Bg7 4.e3 O-O 5.Be2 d5 6.O-O c5 7.d4 Ne4 8.Qc1 cxd4
9.Nxd4 Nc6 10.Nxc6 bxc6 11.Bxg7 Kxg7 12.c4 e6 13.Nc3 Nxc3 14.Qxc3+ Qf6 15.
Qa5 Qd8 16.Qxd8 Rxd8 17.cxd5 cxd5 18.Rac1 Bb7 19.Rc7 Rab8 20.Rfc1 Rdc8 21.
f4 Kf8 22.b4 a6 23.R1c5 Rd8 24.Bf3 Ba8 25.Ra7 Rb7 26.Rc7 Rxc7 27.Rxc7 Rb8 
28.a3 Kg7 29.Ra7 Bb7 30.Be2 Kf6 31.g4 g5 32.Bxa6 Bxa6 33.Rxa6 gxf4 34.exf4
Rg8 35.g5+ Kf5 36.Kf2 Kxf4 37.h4 d4 38.Ke2 Ke4 39.b5 Rc8 40.Kd2 Rc3 41.b6 
Rb3 42.Kc2 Rb5 43.a4 Rb4 44.a5 d3+ 45.Kc3 Rb1 46.Ra7 Rc1+ 47.Kd2 Rc2+ 48.
Kd1 Ke3 49.Rd7 Ra2 50.Kc1 Rxa5 51.b7 1/2-1/2

[Event "5th American Continental"]
[Site "Sao Paulo BRA"]
[Date "2009.07.25"]
[Round "1.99"]
[White "Van Riemsdijk, Marius Rombout"]
[Black "D`Israel, Davy Maurice"]
[Result "1-0"]
[WhiteElo "1854"]
[BlackElo "2240"]
[EventDate "2009.07.25"]
[PlyCount "51"]

1.e4 c5 2.Nf3 Nc6 3.d4 cxd4 4.Nxd4 Nf6 5.Nc3 e5 6.Ndb5 d6 7.Bg5 a6 8.Na3 
b5 9.Nd5 Be7 10.Nxe7 Nxe7 11.Bd3 Bb7 12.Bxf6 gxf6 13.O-O d5 14.Nxb5 axb5 
15.Bxb5+ Kf8 16.exd5 Qb6 17.Bc4 Rd8 18.Qh5 Nxd5 19.Rfd1 Rg8 20.g3 Qc6 21.
Bb3 Ke7 22.Qxh7 Rg6 23.Rd3 Rh6 24.Qe4 f5 25.Qxf5 Nf4 26.Qxf7# 1-0

[Event "5th American Continental"]
[Site "Sao Paulo BRA"]
[Date "2009.07.25"]
[Round "1.100"]
[White "Alvarez Ramirez, Miguel Angel"]
[Black "Silva, Jose Gomes da"]
[Result "1-0"]
[WhiteElo "2236"]
[BlackElo "1852"]
[EventDate "2009.07.25"]
[PlyCount "43"]

1.d4 d5 2.c4 c6 3.Nf3 Nf6 4.Nc3 e6 5.Bg5 Nbd7 6.e3 Qc7 7.Bd3 dxc4 8.Bxc4 
Be7 9.O-O O-O 10.Rc1 Bb4 11.Qe2 Bxc3 12.bxc3 b6 13.Bf4 Qd8 14.e4 Bb7 15.e5
Nd5 16.Bg5 Qe8 17.Bd3 f6 18.exf6 gxf6 19.Bh6 Rf7 20.Rfe1 Re7 21.c4 Nc7 22.
Nh4 1-0

[Event "5th American Continental"]
[Site "Sao Paulo BRA"]
[Date "2009.07.25"]
[Round "1.101"]
[White "Branchini, Fernando Luis Sakamot"]
[Black "Assumpcao, Roberto"]
[Result "0-1"]
[WhiteElo "1838"]
[BlackElo "2234"]
[EventDate "2009.07.25"]
[PlyCount "50"]

1.e4 c5 2.Nf3 Nc6 3.d4 cxd4 4.Nxd4 g6 5.Nc3 Bg7 6.Be3 Nf6 7.f3 O-O 8.Qd2 
d5 9.O-O-O dxe4 10.Nxc6 Qxd2+ 11.Rxd2 bxc6 12.Nxe4 Nd5 13.Bg5 f6 14.c4 
fxg5 15.cxd5 g4 16.Kb1 cxd5 17.Rxd5 Be6 18.Rd3 Rab8 19.b3 a5 20.Be2 a4 21.
fxg4 axb3 22.axb3 Bxb3 23.Kc1 Rfc8+ 24.Kd2 Bc2 25.Re3 Bd4 0-1

[Event "5th American Continental"]
[Site "Sao Paulo BRA"]
[Date "2009.07.25"]
[Round "1.102"]
[White "Ramon Pita, Vivian"]
[Black "Garcia, Liria Caetano"]
[Result "1-0"]
[WhiteElo "2233"]
[BlackElo "1837"]
[EventDate "2009.07.25"]
[PlyCount "123"]

1.d4 d5 2.Nf3 Nf6 3.e3 c6 4.Nbd2 Bg4 5.c4 Nbd7 6.Qb3 Qb6 7.c5 Qc7 8.Qc3 g6
9.h3 Bxf3 10.gxf3 e5 11.dxe5 Qxe5 12.Qxe5+ Nxe5 13.b4 Bg7 14.Bb2 Ned7 15.
Nb3 O-O 16.Rc1 b6 17.Bd4 Rfb8 18.Bd3 Ne8 19.Bxg7 Kxg7 20.f4 bxc5 21.bxc5 
Nc7 22.Rc2 Ne6 23.Kd2 a5 24.Rhc1 a4 25.Nd4 Nxd4 26.exd4 Kf6 27.Kc3 a3 28.
Rd2 Nf8 29.Re1 Ne6 30.f5 Nf4 31.fxg6 hxg6 32.Bf1 Ra4 33.h4 Rab4 34.Rc1 Kf5
35.f3 Ne6 36.Re1 Kf4 37.Red1 Ng7 38.Bd3 Ne6 39.Rg1 Nxd4 40.Rg4+ Ke5 41.
Rxd4 Rb2 42.f4+ Ke6 43.Bc2 R2b5 44.Re2+ Kd7 45.Ra4 Rxc5+ 46.Kd3 Kd6 47.Bb3
Rc1 48.Rxa3 Rf1 49.Ra4 c5 50.Ra6+ Kd7 51.Bxd5 Rxf4 52.Bxf7 Rxh4 53.Bxg6 
Rbb4 54.Bf5+ Kd8 55.Re4 Rbxe4 56.Bxe4 c4+ 57.Ke3 Rh2 58.Kd4 Rh4 59.Rc6 Rh2
60.a4 c3 61.Rxc3 Ra2 62.Rc4 1-0

[Event "5th American Continental"]
[Site "Sao Paulo BRA"]
[Date "2009.07.25"]
[Round "1.103"]
[White "Mendes, David"]
[Black "Guimaraes, Diogo Duarte"]
[Result "0-1"]
[WhiteElo "1827"]
[BlackElo "2232"]
[EventDate "2009.07.25"]
[PlyCount "122"]

1.d4 Nf6 2.c4 c6 3.Nf3 d5 4.e3 a6 5.Nc3 b5 6.cxb5 cxb5 7.b4 Bg4 8.Be2 e6 
9.a3 Bd6 10.Bb2 Nbd7 11.Nb1 O-O 12.Nbd2 Nb6 13.O-O Rc8 14.Rc1 Rxc1 15.Qxc1
Qb8 16.Qb1 Rc8 17.h3 Bf5 18.Bd3 Bxd3 19.Qxd3 Na4 20.Qb1 Nxb2 21.Qxb2 Qc7 
22.Nb3 Qc3 23.Qb1 Rc7 24.Nfd2 Ne4 25.Nxe4 dxe4 26.g3 Rc4 27.Rc1 Qd3 28.Rd1
Qe2 29.Rd2 Qf3 30.Qd1 Qf5 31.Kg2 h5 32.g4 hxg4 33.Qxg4 Qd5 34.Nc5 Rc3 35.
Qxe4 Rxc5 36.Qxd5 Rxd5 37.Rc2 Bf8 38.Rc6 Rd6 39.Rc8 g6 40.Rc5 Kg7 41.h4 
Be7 42.Kg3 Rd7 43.Rc6 Ra7 44.e4 Rd7 45.Rxa6 Rxd4 46.f3 Bd6+ 47.Kf2 Bf4 48.
Ra5 Rd2+ 49.Ke1 Ra2 50.Rxb5 Rxa3 51.Ke2 Re3+ 52.Kf2 Rb3 53.Ke2 Bd6 54.h5 
Rxb4 55.Rxb4 Bxb4 56.hxg6 Kxg6 57.f4 f5 58.Kf3 fxe4+ 59.Kxe4 Kf6 60.Kf3 
Kf5 61.Ke3 Bd6 0-1